MDQL
is popping MORE tags! Check the
thread
!
Quizzes
Events
Quiz Creation
Community
Videos
Private Events
Remove Ads
Sign In
Join for FREE
Feedback
Dark Mode
Quiz Categories
Sports
Geography
Music
Movies
Television
Just For Fun
Miscellaneous
History
Literature
Language
Science
Gaming
Entertainment
Religion
Holiday
For Kids
Quiz Lab
Recent
Popular Today
Quiz Kudos Today
Editor Picks
Curator Picks
Quizzes by...
Day
Popularity
Type
Ratings
Length
Year
Community
Subscriptions
Recent Discussions
Orange Saloon
Badges
Playlists
Quests
Create
Leaderboards
Showdown
Live 5
Trivia Bingo
Activity
Puzzle Library
Sporcle Events
Private Events
Virtual Trivia
Globe League
Become a Host
Pub Owners
SporcleCon
Opinionation
Our Games
Videos
Blog
Mobile Apps
Partnerships
Remove Ads and Go Orange
Feedback
Music
Pop Music
The Beatles
Song
Album
Lyrics
Bands
Singers
Artist
Clip
Rock
Rap
Classical
Billboard
Country Music
Kpop
Taylor Swift
Music
Pop Music
The Beatles
Song
Album
Lyrics
Bands
Singers
Artist
Clip
Rock
Rap
Classical
Billboard
Country Music
Kpop
Taylor Swift
Random Quiz
Search Sporcle
×
Quiz Lab
Quiz Lab
Music
Numbers
Type in answers that appear in a list
Type in answers that appear in a list
Classic
Best Score? Go Orange.
UK Number 1 Singles of 1981 Stats
Can you name the Can you name the group/artist of the UK Number 1 Singles 1981?
By
superdooper
12m
19 Questions
78 Plays
78 Plays
78 Plays
Comments
Comments
Give Quiz Kudos
Give Quiz Kudos
-
- Ratings
hide this ad
Replay
Link that replays current quiz
Next Quiz
Link to next quiz in quiz playlist
You Got
0%
They Got
Avg Score
66%
Avg Friend Score
Upgrade to see
Score Distribution
Jump to the score distribution portion of the page
Score
0/19
Timer
12:00
0
Plays Today
Song Title
Group/Artist
% Correct
Imagine
John Lennon
97.4%
Woman
John Lennon
97.4%
Under Pressure
David Bowie and Queen
92.2%
Tainted Love
Soft Cell
89.6%
Every Little Thing She Does Is Magic
Police
89.6%
Don't You Want Me
Human league
88.3%
Stand and Deliver
Adam and the Ants
71.4%
Prince Charming
Adam and the Ants
71.4%
Making Your Mind Up
Bucks Fizz
59.7%
Ghost Town
Specials
59.7%
Song Title
Group/Artist
% Correct
Shaddap You Face
Joe Dolce
58.4%
Jealous Guy
Roxy Music
57.1%
Being with You
Smokey Robinson
55.8%
This Ole House
Shakin Stevens
54.5%
Green Door
Shakin Stevens
54.5%
One Day In Your Life
Michael Jackson
53.2%
Japanese Boy
Aneka
45.5%
Begin The Beguine (Volver A Empezar)
Julio Iglesias
37.7%
It's My Party
Dave Stewart and Barbara Gaskin
31.2%
Quiz Playlist
Details
Report
Send in Message
Add To Playlist
Classic:
Type in answers that appear in a list
Last Updated: Feb 16, 2017
Quiz Scoreboard
CHALLENGE
Sign Up to Join the Scoreboard
Show All
Scores
Hide
Comments
May contain spoilers
Recently Published
Image Sorting: Flags VI
by Barbecue
Geography
2m
Find the 'City' Movie
by crazypaving
Movies
60s
Colored Red Africa Blitz
by spor1
Geography
45s
More to Explore
Quiz From the Vault
Featured Blog Post
14 Easter Pick-up Lines to Find Eggs With
hide this ad
You Might Also Like...
Tags
Artist Quiz
Numbers Quiz
Song Quiz
#1 Singles
1981
group
Single
Today's Top Quizzes in Music
Browse Music
hide this ad
Today's Top Quizzes in Numbers
Browse Numbers
Top Contributed Quizzes in Music
1
5X2 Blitz: Bands II
2
5X2 Blitz: The Beatles
3
Taylor Swift All Songs (2024)
4
5X2 Blitz: Billboard
5
5X2 Blitz: Billboard II
6
5X2 Blitz: Album
7
Taylor Swift Logic Puzzle II
8
5X2 Blitz: Singers
9
5X2 Blitz: Rock
10
5X2 Blitz: Lyrics
Explore More
Trending Topics
NBA
Marvel
Disney
Kpop
Crossword
Anime
Harry Potter
Pokémon
Song
Country
The Office
WWE
NFL
Soccer
Puzzle
hide this ad
More By:
superdooper
Quiz
Plays
Rating
Category
Featured
Created
Only Fools and Horses characters first episode
386
4.00
Television
Apr 7, 2014
Open All Hours Regular Cast
373
4.00
Television
Aug 31, 2011
Champion Jump Jockeys since 1980
345
4.50
Sports
Aug 28, 2011
Shakin Stevens Top 40 Singles
341
4.00
Music
Aug 29, 2011
Cryptic Rock/Pop Groups
207
1.00
Music
Sep 5, 2011
Go to Creator's Profile
Score Distribution
Quiz Creator Spotlight
superdooper
Follow
Send a Message
Quizzes Created
-
Created Quiz Play Count
-
More By This Creator
Popular Quizzes Today
1
Colored Red Africa Blitz
2
Find the US States - No Outlines Minefield
3
Find the 'City' Movie
4
5x2 Blitz: Bands
5
The Countries of the World
6
Find the US States
7
Find the Countries of Europe - No Outlines Minefield
8
US States
More Music Quizzes
'Dead Boys' lyrics by Sam Fender
Quiz Lab
Trending Quizzes
Colored Red Europe Blitz I
Colored Red Europe Blitz II
Colored Red Africa Blitz II
Colored Red Europe Blitz III
Colored Red Africa Blitz III
Recently Updated
How Do You Spell That?
pecheneg
Godzilla Movies
pecheneg
Grab Bag: 4-10 Letters
pecheneg
2024 March Madness Bracket
pecheneg
Famous TV Couples
Peacemaker
Champions League XIs: Real Madrid
pecheneg
Largest US Cities 1790-2010
pecheneg
Rides in Walt Disney World
pecheneg
Most Oscar Losses (Acting)
pecheneg
Beyoncé Albums
pecheneg
Trending Topics
Anime
Harry Potter
Disney
Marvel
Kpop
NBA
Crossword
The Office
Song
Soccer
NFL
WWE
Pokémon
Country
Puzzle
Your Account Isn't Verified!
In order to create a playlist on Sporcle, you need to verify the email address you used during registration. Go to your
Sporcle Settings
to finish the process.
Report this User
Report this user for behavior that violates our
Community Guidelines
.
Details:
Send Report
Go to the Sporcle.com Mobile Site →
Comments